the growth between red tilapia and nile tilapia (ប្រៀបធៀបកំរិតលូតលាស់ត្រីទីឡាព្យាក្រហមនិងទីឡាព្យាឆ្នូត) (Record no. 3702)
[ view plain ]
| 000 -LEADER | |
|---|---|
| fixed length control field | 00571nam a22001577a 4500 |
| 003 - CONTROL NUMBER IDENTIFIER | |
| control field | OSt |
| 005 - DATE AND TIME OF LATEST TRANSACTION | |
| control field | 20151130083402.0 |
| 008 - FIXED-LENGTH DATA ELEMENTS--GENERAL INFORMATION | |
| fixed length control field | 151130b xxu||||| |||| 00| 0 eng d |
| 040 ## - CATALOGING SOURCE | |
| Transcribing agency | RUa |
| 082 ## - DEWEY DECIMAL CLASSIFICATION NUMBER | |
| Classification number | FIS HEN 1998 B168 Or.1 |
| 100 ## - MAIN ENTRY--PERSONAL NAME | |
| 9 (RLIN) | 3982 |
| Personal name | HENG, NARIN. |
| 245 ## - TITLE STATEMENT | |
| Title | the growth between red tilapia and nile tilapia (ប្រៀបធៀបកំរិតលូតលាស់ត្រីទីឡាព្យាក្រហមនិងទីឡាព្យាឆ្នូត) |
| 260 ## - PUBLICATION, DISTRIBUTION, ETC. (IMPRINT) | |
| Place of publication, distribution, etc. | Phnom Penh |
| Name of publisher, distributor, etc. | RUA |
| Date of publication, distribution, etc. | 1998 |
| 300 ## - PHYSICAL DESCRIPTION | |
| Extent | 64p. |
| Other physical details | ill. |
| Dimensions | 29cm. |
| 942 ## - ADDED ENTRY ELEMENTS (KOHA) | |
| Source of classification or shelving scheme | |
| Koha item type | FIS |
| Price effective from | Date last seen | Permanent Location | Not for loan | Date acquired | Source of classification or shelving scheme | Koha item type | Lost status | Withdrawn status | Date last checked out | Total Checkouts | Shelving location | Damaged status | Barcode | Current Location | Full call number |
|---|---|---|---|---|---|---|---|---|---|---|---|---|---|---|---|
| 2015-11-30 | 2018-10-27 | Library Block B | 2015-11-30 | FIS | 2018-09-28 | 3 | B168 | RUA028452 | Library Block B | FIS HEN 1998 B168 Or.1 | |||||
| 2015-11-30 | 2015-11-30 | Library Block B | 2015-11-30 | FIS | B168 | RUA010357 | Library Block B | FIS HEN 1998 B168 Or.2 | |||||||
| 2015-11-30 | 2015-11-30 | Library Block B | 2015-11-30 | FIS | B168 | RUA027358 | Library Block B | FIS HEN 1998 B168 Or.3 | |||||||
| 2015-11-30 | 2015-11-30 | Library Block B | 2015-11-30 | FIS | B168 | RUA027286 | Library Block B | FIS HEN 1998 B168 Or.4 | |||||||
| 2015-11-30 | 2015-11-30 | Library Block B | 2015-11-30 | FIS | B168 | RUA027213 | Library Block B | FIS HEN 1998 B168 Or.5 | |||||||
| 2015-11-30 | 2015-11-30 | Library Block B | 2015-11-30 | FIS | B168 | RUA027499 | Library Block B | FIS HEN 1998 B168 Or.6 | |||||||
| 2015-11-30 | 2015-11-30 | Library Block B | 2015-11-30 | FIS | B168 | RUA025883 | Library Block B | FIS HEN 1998 B168 Or.7 | |||||||
| 2015-12-01 | 2015-12-01 | Library Block B | 2015-12-01 | FIS | B168 | RUA010740 | Library Block B | FIS HEN 1998 B168 Or.8 | |||||||
| 2015-12-01 | 2015-12-01 | Library Block B | 2015-12-01 | FIS | B168 | RUA012591 | Library Block B | FIS HEN 1998 B168 Or.9 | |||||||
| 2015-12-01 | 2015-12-01 | Library Block B | 2015-12-01 | FIS | B168 | RUA012596 | Library Block B | FIS HEN 1998 B168 Or.11 | |||||||
| 2015-12-01 | 2015-12-01 | Library Block B | 2015-12-01 | FIS | B168 | RUA012668 | Library Block B | FIS HEN 1998 B168 Or.10 |